[Event "45th Rilton Cup 2015-16"]
[Site "Stockholm SWE"]
[Date "2015.12.28"]
[Round "2.23"]
[White "Hakimifard, Ghazal"]
[Black "Poetsch, Hagen"]
[Result "0-1"]
[WhiteTitle "WIM"]
[BlackTitle "IM"]
[WhiteElo "2169"]
[BlackElo "2509"]
[WhiteFideId "12506540"]
[BlackFideId "24615137"]
[EventDate "2015.12.27"]

1. Nf3 Nf6 2. d4 b6 3. c4 Bb7 4. Nc3 e6 5. a3 d5 6. Bg5 Be7 7. e3 Nbd7 8. Rc1
O-O 9. cxd5 exd5 10. Bd3 a6 11. O-O h6 12. Bh4 Ne4 13. Bxe7 Qxe7 14. Bb1 Rac8
15. Qd3 c5 16. dxc5 Ndxc5 17. Qd1 Rfd8 18. Nd4 Qf6 19. Nce2 a5 20. b4 axb4 21.
axb4 Nd7 22. Nf4 Nc3 23. Qh5 Nxb1 24. Rxb1 Ne5 25. Qh3 Rc7 26. Rbc1 Rdc8 27. Nh5
Qg6 28. Rxc7 Rxc7 29. Qh4 Qg5 30. Qxg5 hxg5 31. b5 Kf8 32. Ra1 g6 33. Ng3 Ke7
34. Kf1 Kd6 35. Ke2 Bc8 36. Rd1 f5 37. Nf1 Nc4 38. Nd2 Bd7 39. Nb1 Rc5 40. Nd2
Nxd2 41. Rxd2 Bxb5+ 42. Nxb5+ Rxb5 43. Kd3 Rb3+ 44. Kd4 Rb4+ 45. Kc3 Rc4+ 46.
Kb3 Rc1 47. f4 Re1 48. fxg5 Rxe3+ 49. Kb4 Ke5 50. g3 d4 51. Kc4 Rc3+ 52. Kb4 Rc6
53. Kb5 Rd6 54. Kc4 Ke4 55. Re2+ Kf3 56. Kd3 Kg4 57. Re5 Kxg5 58. h3 Kf6 59. Rb5
Ke6 60. h4 Kf6 61. Rb1 Kg7 62. Rb5 Kh6 63. g4 fxg4 64. Rg5 g3 65. Rxg3 Kh5 66.
Rh3 b5 0-1

[Event "45th Rilton Cup 2015-16"]
[Site "Stockholm SWE"]
[Date "2015.12.28"]
[Round "2.24"]
[White "Socko, Monika"]
[Black "Rydstrom, Tom"]
[Result "1/2-1/2"]
[WhiteTitle "GM"]
[BlackTitle "FM"]
[WhiteElo "2437"]
[BlackElo "2266"]
[WhiteFideId "1106619"]
[BlackFideId "1714830"]
[EventDate "2015.12.27"]

1. e4 e5 2. Nf3 Nc6 3. Bb5 a6 4. Bxc6 dxc6 5. O-O Bg4 6. h3 Bh5 7. g4 Bg6 8.
Nxe5 Bd6 9. Nc4 h5 10. d3 hxg4 11. Qxg4 Nf6 12. Nxd6+ Qxd6 13. Qf3 O-O-O 14. Nc3
Kb8 15. Kg2 Rh7 16. Be3 Rdh8 17. Rh1 Qe6 18. Rae1 Nh5 19. a3 f6 20. Ne2 Be8 21.
Qf5 Qxf5 22. exf5 Bd7 23. Nd4 c5 24. Ne6 b6 25. d4 cxd4 26. Bxd4 Re8 27. Bc3
Rhh8 28. Re3 g6 29. Rd1 Bc6+ 30. Kh2 gxf5 31. Nd4 Be4 32. f3 Bb7 33. Nxf5 Rxe3
34. Nxe3 Nf4 35. Kg3 Ne2+ 36. Kg2 Nf4+ 37. Kg3 Rxh3+ 38. Kxf4 Rxf3+ 39. Kg4 Rxe3
40. Bxf6 Bf3+ 41. Kf4 Bxd1 42. Kxe3 Bxc2 43. b4 Kb7 44. Kd4 Kc6 45. Be5 Bd1 46.
Kc4 Be2+ 47. Kc3 Bd1 48. Kc4 Be2+ 49. Kc3 Bd1 1/2-1/2

[Event "45th Rilton Cup 2015-16"]
[Site "Stockholm SWE"]
[Date "2015.12.28"]
[Round "2.26"]
[White "Rodshtein, Tereza"]
[Black "Krupenski, Juri"]
[Result "0-1"]
[WhiteTitle "WGM"]
[BlackTitle "FM"]
[WhiteElo "2278"]
[BlackElo "2406"]
[WhiteFideId "325449"]
[BlackFideId "4501101"]
[EventDate "2015.12.27"]

1. e4 c5 2. Nf3 d6 3. d4 cxd4 4. Nxd4 Nf6 5. Nc3 a6 6. h3 e5 7. Nde2 h5 8. g3 b5
9. Nd5 Nxd5 10. Qxd5 Ra7 11. Bg2 Be6 12. Qd1 Qc8 13. Nc3 Rc7 14. Be3 Be7 15. Rc1
Nd7 16. Nd5 Bxd5 17. exd5 f5 18. h4 g6 19. O-O O-O 20. Bh6 Rf7 21. Qd2 Kh7 22.
Bg5 Bxg5 23. Qxg5 e4 24. Qd2 Rc4 25. Kh1 Ne5 26. f3 exf3 27. Bxf3 f4 28. Bg2 f3 0-1

[Event "45th Rilton Cup 2015-16"]
[Site "Stockholm SWE"]
[Date "2015.12.28"]
[Round "2.27"]
[White "Grandell, Anders"]
[Black "Adler, Bo"]
[Result "1-0"]
[WhiteTitle "FM"]
[WhiteElo "2330"]
[BlackElo "2174"]
[WhiteFideId "1709771"]
[BlackFideId "1702149"]
[EventDate "2015.12.27"]

1. d4 d5 2. Nf3 Nf6 3. c4 e6 4. Nc3 a6 5. cxd5 exd5 6. Bg5 Be7 7. e3 O-O 8. Be2
Nbd7 9. Rc1 c6 10. O-O Re8 11. Re1 Nf8 12. Ne5 N6d7 13. Bxe7 Qxe7 14. Nd3 Qh4
15. Na4 Nf6 16. Nb6 Rb8 17. Nxc8 Rbxc8 18. b4 Ne4 19. a4 Rcd8 20. g3 Qh6 21. b5
axb5 22. axb5 Rd6 23. bxc6 bxc6 24. Bf3 Ne6 25. Bg2 N6g5 26. h4 Ne6 27. Bxe4
dxe4 28. Nc5 Nc7 29. Qg4 Rd5 30. Rc4 f5 31. Qh3 Qf6 32. Rec1 f4 33. gxf4 Rh5 34.
Nd7 Qe7 35. Rxc6 Rxh4 36. Qg3 Ne6 37. Ne5 Rh6 38. d5 Nxf4 39. exf4 1-0

[Event "45th Rilton Cup 2015-16"]
[Site "Stockholm SWE"]
[Date "2015.12.28"]
[Round "2.28"]
[White "Miezis, Normunds"]
[Black "Glimbrant, Torbjorn"]
[Result "1-0"]
[WhiteTitle "GM"]
[WhiteElo "2493"]
[BlackElo "2192"]
[WhiteFideId "11600136"]
[BlackFideId "1700995"]
[EventDate "2015.12.27"]

1. c4 e6 2. e4 d5 3. exd5 exd5 4. d4 Nf6 5. Nc3 Be7 6. Nf3 O-O 7. Be2 Be6 8.
cxd5 Nxd5 9. O-O Nc6 10. Re1 a6 11. Bd3 Re8 12. a3 Qd7 13. Bg5 Bg4 14. Bxe7 Rxe7
15. Rxe7 Ncxe7 16. h3 Bh5 17. Ne5 Bxd1 18. Nxd7 Nxc3 19. bxc3 Ba4 20. Nc5 Bc6
21. Re1 Ng6 22. g3 a5 23. f4 Kf8 24. Kf2 b6 25. Be4 Bxe4 26. Nxe4 Ne7 27. g4 Nd5
28. Kf3 Re8 29. Rc1 Ke7 30. c4 Nf6 31. Nc3 Kd8 32. g5 Nd7 33. Ne4 f5 34. gxf6
Nxf6 35. Nxf6 gxf6 36. f5 Rg8 37. c5 Kd7 38. a4 Rg5 39. Ke4 Rh5 40. cxb6 cxb6
41. Rb1 Kc7 42. Rh1 Rg5 43. Rc1+ Kd7 44. Rb1 Kc7 45. Rb3 Rh5 46. Kd5 Rxf5+ 47.
Ke6 Rf4 48. Rc3+ Kd8 49. d5 Rxa4 50. Rg3 Re4+ 51. Kd6 Ke8 52. Rg7 a4 53. Rxh7 b5
54. Ra7 f5 55. Kc6 f4 56. d6 f3 57. Ra8+ Kf7 58. d7 Rd4 59. d8=Q Rxd8 60. Rxd8
b4 61. Kb5 b3 62. Kxa4 b2 63. Rd1 Kf6 64. Kb3 1-0

[Event "45th Rilton Cup 2015-16"]
[Site "Stockholm SWE"]
[Date "2015.12.28"]
[Round "2.29"]
[White "Schitco, Ivan"]
[Black "Nilsen, Joachim Birger"]
[Result "0-1"]
[BlackTitle "FM"]
[WhiteElo "2210"]
[BlackElo "2382"]
[WhiteFideId "13905465"]
[BlackFideId "1506331"]
[EventDate "2015.12.27"]

1. d4 Nf6 2. c4 g6 3. Nc3 Bg7 4. e4 d6 5. Nf3 O-O 6. Be2 e5 7. dxe5 dxe5 8. Qxd8
Rxd8 9. Bg5 Re8 10. Nd5 Nxd5 11. cxd5 c6 12. Bc4 cxd5 13. Bxd5 Nd7 14. Nd2 Nc5
15. Ke2 Ne6 16. Bxe6 Bxe6 17. a3 a5 18. Be3 a4 19. Rac1 Rec8 20. Rhd1 Bf8 21.
Bb6 Ra6 22. Rxc8 Bxc8 23. Be3 Rc6 24. Nb1 Be6 25. Rc1 Rxc1 26. Bxc1 Bc4+ 27. Ke1
f5 28. Nc3 b5 29. Be3 Kf7 30. g3 Ke6 31. f3 Bd6 32. Bf2 Kd7 33. Kd2 Kc6 34. Bg1
f4 35. gxf4 exf4 36. Bd4 g5 37. Bf6 h6 38. Ne2 b4 39. Nd4+ Kd7 40. Nc2 bxa3 41.
Nxa3 Be6 42. Nb5 Bc5 43. Bd4 Be7 44. Nc3 Bb3 45. Ke2 Ke6 46. Bf2 Bf6 47. Be1 h5
48. h3 Bd4 49. Kf1 Be3 50. Ne2 Bc4 51. Bf2 Ke5 52. Ke1 Bxe2 53. Kxe2 Bc1 54. Kd3
Bxb2 55. Kc2 Bd4 56. Be1 g4 57. hxg4 hxg4 58. fxg4 f3 0-1

[Event "45th Rilton Cup 2015-16"]
[Site "Stockholm SWE"]
[Date "2015.12.28"]
[Round "2.30"]
[White "Schekachikhin, Maksim"]
[Black "Wiander, Michael"]
[Result "1-0"]
[WhiteTitle "FM"]
[BlackTitle "CM"]
[WhiteElo "2321"]
[BlackElo "2187"]
[WhiteFideId "24177830"]
[BlackFideId "1702580"]
[EventDate "2015.12.27"]

1. d4 e6 2. c4 f5 3. Nc3 Bb4 4. Qc2 Nf6 5. e3 b6 6. Bd3 Bb7 7. f3 c5 8. a3 Bxc3+
9. bxc3 d6 10. Nh3 Qe7 11. O-O O-O 12. Nf4 e5 13. Nd5 Bxd5 14. cxd5 e4 15. fxe4
Nxe4 16. Rxf5 Rxf5 17. Bxe4 Rh5 18. g3 Nd7 19. Bf3 Rg5 20. e4 cxd4 21. Bxg5 Qxg5
22. cxd4 Qe3+ 23. Qf2 Qc3 24. Rd1 Rf8 25. Kg2 Qxa3 26. Qe2 Qb3 27. Bg4 Nf6 28.
Be6+ Kh8 29. Rf1 Re8 30. Rf3 Qb4 31. Qf2 Rf8 32. e5 dxe5 33. dxe5 Qe4 34. exf6
Rxf6 35. Qe3 Qc2+ 36. Rf2 1-0

[Event "45th Rilton Cup 2015-16"]
[Site "Stockholm SWE"]
[Date "2015.12.28"]
[Round "2.31"]
[White "Kosmo, Santul"]
[Black "Cukrowski, Filip"]
[Result "0-1"]
[WhiteElo "2202"]
[BlackElo "2320"]
[WhiteFideId "504173"]
[BlackFideId "1171097"]
[EventDate "2015.12.27"]

1. e4 c5 2. Nf3 Nc6 3. Bb5 Nf6 4. Nc3 g6 5. Bxc6 dxc6 6. O-O Bg7 7. d3 O-O 8.
Be3 b6 9. h3 Qc7 10. a3 a5 11. Rb1 Rd8 12. Nd2 Ba6 13. Qe1 Nd7 14. f4 f5 15. g4
Nf8 16. e5 Bc8 17. g5 Ne6 18. Ne2 Nd4 19. Bxd4 cxd4 20. Nf3 c5 21. c3 dxc3 22.
Qxc3 Ba6 23. Ned4 Qd7 24. Qb3+ Qd5 25. Qxd5+ Rxd5 26. Ne6 Rc8 27. Rfd1 Bxd3 28.
Rbc1 Bc4 29. Nxg7 Kxg7 30. Rxd5 Bxd5 31. Nd4 Rd8 32. Nb5 Bc6 33. Nc3 Rd2 34. b4
axb4 35. axb4 cxb4 36. Na2 Rxa2 37. Rxc6 b3 38. Rxb6 b2 0-1

[Event "45th Rilton Cup 2015-16"]
[Site "Stockholm SWE"]
[Date "2015.12.28"]
[Round "2.32"]
[White "Kolbus, Dietmar"]
[Black "Martinsen, Stig K"]
[Result "1/2-1/2"]
[WhiteTitle "IM"]
[WhiteElo "2315"]
[BlackElo "2162"]
[WhiteFideId "4610628"]
[BlackFideId "1502824"]
[EventDate "2015.12.27"]

1. c4 e5 2. Nf3 d6 3. d4 e4 4. Ng5 f5 5. Nc3 Be7 6. Nh3 Nf6 7. g3 c6 8. d5 c5 9.
Bg2 Na6 10. O-O O-O 11. f3 exf3 12. exf3 Nc7 13. a4 b6 14. Re1 a6 15. b3 Rb8 16.
Bf1 Nh5 17. Ra2 Bf6 18. Rc2 Bd7 19. f4 g6 20. Kh1 Ng7 21. Bb2 h6 22. Ba1 b5 23.
axb5 axb5 24. cxb5 Nxb5 25. Nxb5 Bxb5 26. Bxf6 Qxf6 27. Bc4 Bxc4 28. bxc4 Rfe8
29. Rxe8+ Rxe8 30. Kg2 Qe7 31. Nf2 Nh5 32. Kf1 Kf7 33. Re2 Qd7 34. Rxe8 Qxe8 35.
Qe2 Qd7 36. Kg2 Nf6 37. Qe3 Qc8 38. Kf3 Qd7 39. Kg2 Qc8 40. Kf3 1/2-1/2

[Event "45th Rilton Cup 2015-16"]
[Site "Stockholm SWE"]
[Date "2015.12.28"]
[Round "2.34"]
[White "Rothen, Hakan"]
[Black "Thorn, Eric"]
[Result "0-1"]
[WhiteTitle "FM"]
[WhiteElo "2297"]
[BlackElo "2140"]
[WhiteFideId "1700723"]
[BlackFideId "1710729"]
[EventDate "2015.12.27"]

1. d4 Nf6 2. c4 g6 3. Nc3 Bg7 4. e4 d6 5. Nf3 O-O 6. Be2 e5 7. O-O Nbd7 8. Be3
Re8 9. d5 Nh5 10. g3 Bf8 11. b4 Ng7 12. Nh4 Be7 13. Ng2 f5 14. f3 Rf8 15. Qd2 a5
16. a3 Nf6 17. Rac1 axb4 18. axb4 fxe4 19. fxe4 Qd7 20. Bg5 Qh3 21. Rf2 Bg4 22.
Rcf1 Bxe2 23. Qxe2 Nge8 24. Nh4 Kg7 25. Bd2 c6 26. Qf3 Nc7 27. Qg2 Qxg2+ 28.
Kxg2 Nd7 29. Rxf8 Bxf8 30. Be3 Ra3 31. Rc1 Rb3 32. dxc6 bxc6 33. b5 cxb5 34.
cxb5 Nc5 35. Bxc5 dxc5 36. Rd1 Nxb5 37. Rd7+ Kf6 38. Nd5+ Ke6 39. Rxh7 c4 40.
Nxg6 Bd6 41. Rb7 Nd4 42. Ra7 c3 43. Nh8 Nc6 44. Ra6 Kd7 45. Nxc3 Rxc3 46. h4 Ke6
47. h5 Kf6 48. Kh3 Bf8 49. Ng6 Bh6 50. Ra8 Kg5 51. Re8 Bg7 52. Rg8 Kxh5 53. Rxg7
Kh6 54. Rd7 Kxg6 55. Kg4 Kf6 56. Rd6+ Ke7 57. Rh6 Nd4 58. Rh5 Kf6 59. Rh6+ Kg7
60. Rh5 Nc6 61. Rg5+ Kf6 62. Rf5+ Ke6 63. Rh5 Ne7 64. Rh6+ Kf7 65. Ra6 Re3 66.
Ra4 Ke6 67. Kh4 Nc6 68. g4 Nd4 69. g5 Rxe4+ 70. Kh5 Kf5 71. Ra7 Re1 72. Rf7+ Ke6
73. Rf6+ Ke7 74. Kg6 e4 75. Rf7+ Ke6 76. Rf6+ Ke5 77. Kf7 e3 78. g6 Rg1 79. g7
Rxg7+ 0-1

[Event "45th Rilton Cup 2015-16"]
[Site "Stockholm SWE"]
[Date "2015.12.28"]
[Round "2.35"]
[White "Ask, Josef"]
[Black "Goluch, Piotr"]
[Result "0-1"]
[WhiteElo "2180"]
[BlackElo "2297"]
[WhiteFideId "1704583"]
[BlackFideId "1137840"]
[EventDate "2015.12.27"]

1. e4 c6 2. d4 d5 3. exd5 cxd5 4. c4 Nf6 5. Nc3 e6 6. Nf3 Be7 7. a3 O-O 8. Bd3
dxc4 9. Bxc4 b6 10. O-O Bb7 11. Be3 Nc6 12. Qe2 Qc7 13. h3 Rac8 14. Ba2 Rfd8 15.
Rac1 Qb8 16. Rfd1 Nd5 17. Nxd5 exd5 18. Qd3 Bf6 19. Qf5 Ne7 20. Qg4 Qd6 21. Ne5
Qe6 22. f4 Nf5 23. Bf2 g6 24. Bb1 Nd6 25. Qxe6 fxe6 26. Bd3 Ne4 27. Be3 a6 28.
g4 b5 29. Rxc8 Rxc8 30. Nd7 Be7 31. Bxe4 dxe4 32. Nc5 Bd5 33. b4 Ra8 34. Bd2 Bf6
35. Bc3 g5 36. f5 exf5 37. gxf5 Ra7 38. Kf2 Rf7 39. Ke3 Be7 40. Rf1 Bd6 41. h4
gxh4 42. f6 h3 43. Be1 h2 44. Bh4 Bf8 45. Bg5 h6 46. Bh4 h5 47. Bg5 Rxf6 48.
Bxf6 Bh6+ 49. Kf2 e3+ 50. Ke1 h1=Q 51. Rxh1 Bxh1 52. Ke2 Bd5 53. Bh4 Bc4+ 54.
Ke1 Bg7 55. d5 Bxd5 56. Ke2 Bh6 57. Nxa6 Bc4+ 58. Kf3 Bd5+ 59. Ke2 Kf7 60. Nc5
Kg6 61. a4 bxa4 62. Nxa4 Kf5 63. Nc3 Bg2 64. Be7 Kg4 65. Bc5 Bf3+ 66. Kd3 h4 67.
Bxe3 h3 68. Bg1 Kg3 69. b5 Kg2 0-1

[Event "45th Rilton Cup 2015-16"]
[Site "Stockholm SWE"]
[Date "2015.12.28"]
[Round "2.36"]
[White "Henriksson, Johan"]
[Black "Kassani, Sam"]
[Result "1-0"]
[WhiteTitle "FM"]
[WhiteElo "2286"]
[BlackElo "2126"]
[WhiteFideId "1703560"]
[BlackFideId "1709089"]
[EventDate "2015.12.27"]

1. d4 d5 2. Nf3 Nf6 3. c4 c6 4. Nc3 dxc4 5. a4 Bf5 6. Ne5 Nbd7 7. Nxc4 Nb6 8.
Ne5 a5 9. f3 Nfd7 10. Nxd7 Nxd7 11. e4 Bg6 12. Qb3 e5 13. dxe5 Bb4 14. Be3 Nxe5
15. Be2 Qe7 16. O-O f6 17. Na2 Bc5 18. Bxc5 Qxc5+ 19. Kh1 Bf7 20. Qc3 Qxc3 21.
Nxc3 O-O-O 22. f4 Nc4 23. Bxc4 Bxc4 24. Rf2 Rhe8 25. Re1 Rd4 26. Kg1 Red8 27. e5
f5 28. g3 Kd7 29. e6+ Ke7 30. Re5 Rd2 31. Rxf5 Rxf2 32. Kxf2 Kxe6 33. Re5+ Kf7
34. Ke1 b6 35. Ne4 Bb3 36. Ng5+ Kg8 37. Re7 h6 38. Ne6 Rd1+ 39. Ke2 Rb1 40.
Rxg7+ Kh8 41. Re7 Rxb2+ 42. Kf3 b5 43. axb5 cxb5 44. f5 Bxe6 45. fxe6 Kg8 46.
Ra7 Kf8 47. h4 a4 48. g4 Rh2 49. g5 Rh1 50. gxh6 Rxh4 51. h7 a3 52. h8=Q+ Rxh8
53. Ra8+ Ke7 54. Rxh8 b4 55. Ra8 1-0

[Event "45th Rilton Cup 2015-16"]
[Site "Stockholm SWE"]
[Date "2015.12.28"]
[Round "2.37"]
[White "Jonsson, Emil"]
[Black "Sadeh, Shahin"]
[Result "0-1"]
[BlackTitle "FM"]
[WhiteElo "2156"]
[BlackElo "2284"]
[WhiteFideId "1712268"]
[BlackFideId "12503924"]
[EventDate "2015.12.27"]

1. e4 g6 2. d4 Bg7 3. Nc3 c6 4. f4 d5 5. Nf3 Bg4 6. e5 Nh6 7. Be2 Nf5 8. Ng5
Bxe2 9. Nxe2 Qc8 10. O-O h5 11. Qd3 Na6 12. Bd2 e6 13. c4 dxc4 14. Qxc4 Qd7 15.
Ne4 Rd8 16. Rf3 O-O 17. Bc3 b5 18. Qd3 c5 19. Rd1 Qc6 20. N4g3 Nxd4 21. Nxd4
cxd4 22. Bxd4 Rd5 23. Qc3 Qd7 24. Ne4 Rc8 25. Qd2 Rc4 26. Nd6 Rcxd4 27. Qxd4
Rxd4 28. Rxd4 Bf8 29. Rc3 Nc7 30. Rcd3 Nd5 31. Ne4 Qc6 32. g3 Bc5 33. Nxc5 Qxc5
34. Kg2 Kg7 35. Rd2 Ne3+ 36. Kf3 Nc2 37. Rd7 Qe3+ 38. Kg2 Ne1+ 39. Kf1 Nf3 40.
Rf2 Qc1+ 41. Kg2 Nxe5 42. Rdd2 Nc4 43. Rde2 Ne3+ 44. Kf3 Ng4 0-1

[Event "45th Rilton Cup 2015-16"]
[Site "Stockholm SWE"]
[Date "2015.12.28"]
[Round "2.38"]
[White "Kharmunova, Nadezhda"]
[Black "Sarwer, Jeff"]
[Result "1-0"]
[WhiteTitle "WIM"]
[BlackTitle "FM"]
[WhiteElo "2132"]
[BlackElo "2263"]
[WhiteFideId "4195876"]
[BlackFideId "2604213"]
[EventDate "2015.12.27"]

1. e4 Nc6 2. Nf3 d6 3. d4 Nf6 4. Nc3 Bg4 5. Be3 e5 6. d5 Ne7 7. Qd2 Ng6 8. Ng1
h5 9. h3 Bd7 10. g3 Be7 11. O-O-O h4 12. g4 a6 13. Kb1 b5 14. Bg2 Qb8 15. Nce2
a5 16. f4 exf4 17. Nxf4 Ne5 18. g5 Nh7 19. g6 fxg6 20. Nf3 Nc4 21. Qe2 Nf8 22.
Bd4 Rg8 23. e5 Bf5 24. Rhe1 Qb7 25. exd6 cxd6 26. Nxh4 Rc8 27. Nxf5 gxf5 28.
Qh5+ g6 29. Qe2 Rc7 30. h4 Kd8 31. Ne6+ Nxe6 32. Qxe6 Rf8 33. Qxg6 f4 34. Bf3 b4
35. Ka1 a4 36. Qg7 Ne3 37. Bxe3 fxe3 38. Rxe3 Rxc2 39. Rde1 Re8 40. Kb1 b3 41.
Rxe7 bxa2+ 42. Kxa2 Qb3+ 43. Ka1 1-0

[Event "45th Rilton Cup 2015-16"]
[Site "Stockholm SWE"]
[Date "2015.12.28"]
[Round "2.39"]
[White "Zeier, Klaus"]
[Black "Pantzar, Milton"]
[Result "0-1"]
[WhiteElo "2262"]
[BlackElo "2103"]
[WhiteFideId "4696050"]
[BlackFideId "1721003"]
[EventDate "2015.12.27"]

1. e4 e6 2. d3 d5 3. Nd2 c5 4. Ngf3 Nc6 5. g3 Bd6 6. Bg2 Nge7 7. O-O O-O 8. Nh4
b6 9. f4 dxe4 10. dxe4 Ba6 11. Re1 Bc7 12. c3 Qd7 13. Qf3 Rad8 14. Nf1 Na5 15.
Ne3 Nc4 16. Nxc4 Bxc4 17. Be3 Qc8 18. Qf2 Rd7 19. b3 Ba6 20. a4 Nc6 21. Nf3 Rfd8
22. e5 Ne7 23. c4 Nf5 24. g4 Nxe3 25. Rxe3 Bb7 26. Ng5 Bxg2 27. Qxg2 Rd2 28. Qe4
g6 29. Qf3 Qd7 30. Ne4 Rd1+ 31. Kf2 Kg7 32. Rxd1 Qxd1 33. Qxd1 Rxd1 34. Nc3 Rd2+
35. Re2 Rxe2+ 36. Kxe2 g5 37. Nb5 Bb8 38. fxg5 Bxe5 39. Nxa7 Bxh2 40. Nc8 Bc7
41. Ne7 Bd8 42. Nc6 Bxg5 43. b4 cxb4 44. Nxb4 Be7 45. Nd3 Bd6 46. Kf3 Kf6 47. c5
bxc5 48. a5 c4 49. a6 Bb8 50. Nb4 Ba7 51. Ke4 Kg5 52. Nc6 Bb6 53. Ne5 f5+ 54.
Kf3 fxg4+ 55. Nxg4 h5 56. Nf2 Kf5 57. Ne4 Ke5 58. Ng3 c3 0-1

[Event "45th Rilton Cup 2015-16"]
[Site "Stockholm SWE"]
[Date "2015.12.28"]
[Round "2.40"]
[White "Jogstad, Martin"]
[Black "Percivaldi, Martin"]
[Result "1-0"]
[BlackTitle "FM"]
[WhiteElo "2125"]
[BlackElo "2260"]
[WhiteFideId "1715364"]
[BlackFideId "1508148"]
[EventDate "2015.12.27"]

1. c4 e5 2. g3 Nc6 3. Nc3 Bc5 4. a3 a6 5. Bg2 d6 6. e3 Ba7 7. Nge2 h5 8. d4 h4
9. b4 Nge7 10. c5 h3 11. Bf3 Bf5 12. O-O d5 13. Bh1 Be6 14. dxe5 Nxe5 15. Nf4 c6
16. Nxe6 fxe6 17. Ne2 Qd7 18. Nf4 O-O-O 19. Bb2 Bb8 20. Rb1 Nc4 21. Bf3 Nxb2 22.
Rxb2 g5 23. Nd3 Ng8 24. a4 Nf6 25. b5 axb5 26. axb5 cxb5 27. Qa1 e5 28. Nb4 e4
29. Be2 Be5 30. Qa8+ Kc7 31. Qa5+ Kc8 32. c6 bxc6 33. Rc2 Qb7 34. Rxc6+ Kd7 35.
Rb6 Qc7 36. Qxb5+ 1-0

[Event "45th Rilton Cup 2015-16"]
[Site "Stockholm SWE"]
[Date "2015.12.28"]
[Round "2.41"]
[White "Low, Zhen Yu Cyrus"]
[Black "Nilsson, Joakim 2000"]
[Result "1-0"]
[WhiteTitle "FM"]
[WhiteElo "2256"]
[BlackElo "2091"]
[WhiteFideId "5804175"]
[BlackFideId "1723383"]
[EventDate "2015.12.27"]

1. e4 e5 2. Nf3 Nf6 3. d4 Nxe4 4. Bd3 d5 5. Nxe5 Bd6 6. O-O O-O 7. c4 c6 8. Nc3
Bxe5 9. dxe5 Nxc3 10. bxc3 dxc4 11. Bxc4 Qxd1 12. Rxd1 Bf5 13. Ba3 Re8 14. Rd4
b5 15. Bb3 a5 16. g4 a4 17. gxf5 axb3 18. axb3 c5 19. Rdd1 Nc6 20. f4 b4 21.
cxb4 cxb4 22. Bb2 Rxa1 23. Rxa1 Ne7 24. Ra4 Nd5 25. Kf2 Nxf4 26. Ke3 Nd5+ 27.
Ke4 Rd8 28. Ra5 Ne7 29. Rb5 Nc6 30. Rb6 Rc8 31. Rb7 Kf8 32. e6 f6 33. Bd4 Nxd4
34. Kxd4 Rc3 35. Rxb4 Rh3 36. Rb8+ Ke7 37. Rb7+ Kf8 38. b4 Rh4+ 39. Kd5 Rf4 40.
b5 Rxf5+ 41. Kd6 g5 42. Rb8+ Kg7 43. e7 1-0

[Event "45th Rilton Cup 2015-16"]
[Site "Stockholm SWE"]
[Date "2015.12.28"]
[Round "2.42"]
[White "Bit-Narva, David"]
[Black "Johansson, Gunnar"]
[Result "1/2-1/2"]
[WhiteElo "2096"]
[BlackElo "2215"]
[WhiteFideId "24128856"]
[BlackFideId "1703501"]
[EventDate "2015.12.27"]

1. e4 c5 2. Nf3 e6 3. c3 Nf6 4. e5 Nd5 5. c4 Nb4 6. a3 N4c6 7. Bd3 d6 8. exd6
Bxd6 9. Bc2 Be7 10. Nc3 O-O 11. O-O Nd4 12. Bb1 Nbc6 13. Re1 Bd7 14. Nb5 Nxf3+
15. Qxf3 a6 16. Nc3 Nd4 17. Qh3 g6 18. Ne2 Bc6 19. b3 Bf6 20. Ra2 Bg7 21. Nxd4
Qxd4 22. Qe3 Rfd8 23. d3 Qg4 24. f3 Qf5 25. Bb2 b6 26. Bxg7 Kxg7 27. b4 Be8 28.
Bc2 Rac8 29. bxc5 bxc5 30. Qe5+ Qxe5 31. Rxe5 Kf6 32. f4 Ke7 33. Rb2 Rb8 34. Ra2
Kd6 35. Kf2 Rb7 36. Bd1 Rdb8 37. Ree2 Rb1 38. Red2 Bc6 39. g3 Rc1 40. Rac2 Rxc2
41. Bxc2 Rb2 42. Ke3 Ra2 43. a4 Kc7 44. Bd1 Rxd2 45. Kxd2 Kb6 46. Kc3 Ka5 47. h3
Bxa4 48. Bf3 Kb6 49. d4 Bd7 50. g4 h6 51. h4 a5 52. g5 hxg5 53. hxg5 a4 54. Bd1
Bc6 55. Bc2 a3 56. Bb3 Be4 57. Ba2 Kc6 58. Bb3 Kd6 59. Ba2 Bf5 60. Bb3 Bb1 61.
dxc5+ Kxc5 62. Ba4 Kd6 63. Kb3 a2 64. Kb2 e5 65. c5+ Kxc5 66. fxe5 Kd4 67. Be8
Kxe5 68. Bxf7 Kf5 69. Bxg6+ Kxg6 70. Ka1 Kxg5 71. Kb2 1/2-1/2

[Event "45th Rilton Cup 2015-16"]
[Site "Stockholm SWE"]
[Date "2015.12.28"]
[Round "2.43"]
[White "Norlin, Egor"]
[Black "Brinck-Claussen, Bjorn"]
[Result "1/2-1/2"]
[BlackTitle "IM"]
[WhiteElo "2084"]
[BlackElo "2244"]
[WhiteFideId "1713973"]
[BlackFideId "1400134"]
[EventDate "2015.12.27"]

1. d4 Nf6 2. c4 e6 3. Nf3 d5 4. Bg5 h6 5. Bh4 Bb4+ 6. Nc3 Nbd7 7. cxd5 exd5 8.
a3 Bxc3+ 9. bxc3 c5 10. Bxf6 Nxf6 11. e3 Qa5 12. Qb3 O-O 13. Be2 c4 14. Qb4 Qc7
15. Nd2 Bf5 16. O-O Rfe8 17. Rfe1 a5 18. Qb2 Ra6 19. Bd1 Rb6 20. Qc1 Rbe6 21.
Bc2 Bxc2 22. Qxc2 b5 23. Rab1 Qc6 24. a4 bxa4 25. Ra1 Nd7 26. Qxa4 Ra8 27. Qxc6
Rxc6 28. e4 dxe4 29. Rxe4 Nb6 30. Re5 a4 31. Kf1 Rd8 32. Nb1 Re6 33. Rxe6 fxe6
34. Na3 Nd5 35. Nxc4 Nxc3 36. Ra3 Rc8 37. Rxc3 a3 38. Rc2 a2 39. Rxa2 Rxc4 40.
Rd2 Kf7 41. Ke2 Kf6 42. Kd3 Ra4 43. Re2 Ra5 44. f4 g5 45. fxg5+ Rxg5 46. Rf2+
Ke7 47. g3 h5 48. Rf4 Ra5 49. Ke4 Ra2 50. Rh4 Ra5 51. Kf3 Rd5 52. Rf4 Ra5 53.
Re4 Kf6 54. Rf4+ Ke7 55. Kg2 Ra2+ 56. Kh3 Ra5 57. Kh4 Rd5 58. Re4 Kf6 59. h3 Ra5
60. g4 hxg4 61. hxg4 Rd5 62. Kg3 Ra5 63. Kf4 Rd5 64. Ke3 Ra5 65. Rf4+ Ke7 66.
Rf3 e5 67. dxe5 Rxe5+ 68. Kd4 Rg5 69. Rf4 Ke6 70. Ke4 Rg6 71. Kf3 Rf6 72. Kg3
Rxf4 73. Kxf4 1/2-1/2

[Event "45th Rilton Cup 2015-16"]
[Site "Stockholm SWE"]
[Date "2015.12.28"]
[Round "2.44"]
[White "Ertan, Can"]
[Black "Berglind, Axel"]
[Result "1-0"]
[WhiteTitle "FM"]
[WhiteElo "2241"]
[BlackElo "2023"]
[WhiteFideId "6306330"]
[BlackFideId "1720228"]
[EventDate "2015.12.27"]

1. e4 c5 2. Nf3 d6 3. c3 Nf6 4. h3 Nc6 5. Bd3 g6 6. O-O Bg7 7. Bc2 O-O 8. Re1 e5
9. d4 cxd4 10. cxd4 Bd7 11. Bg5 exd4 12. Nbd2 Be6 13. Nb3 Bxb3 14. Bxb3 Qb6 15.
Qd2 Nd7 16. Rad1 Nde5 17. Qf4 Nxf3+ 18. Qxf3 Ne5 19. Qf4 Qb5 20. Be7 Nd3 21.
Rxd3 Qxd3 22. Bxd6 Rfd8 23. Qxf7+ Kh8 24. Qxb7 Qd2 25. Rd1 Qe2 26. Qd5 a5 27.
Rxd4 Qe1+ 28. Kh2 Qxf2 29. Rd2 Qf6 30. e5 Qg5 31. Re2 Ra6 32. Bc4 Raxd6 33. exd6
Qxd5 34. Bxd5 Bd4 35. b3 Rxd6 36. Bc4 Kg7 37. Re7+ Kf6 38. Rf7+ Kg5 39. Rxh7
Be5+ 40. Kg1 Rd1+ 41. Kf2 Rd2+ 42. Kf3 Bd4 43. h4+ Kf6 44. Ke4 g5 45. h5 g4 46.
Rf7+ Kg5 47. Rf5+ Kh6 48. Rxa5 Bc3 49. Ra6+ Kxh5 50. g3 Rf2 51. Bb5 Kg5 52. Ra8
Be1 53. Rg8+ Kh5 54. Bd7 Rxa2 55. Bxg4+ Kh6 56. Bf5 Rb2 57. Kf4 Rf2+ 58. Kg4 Bd2
59. b4 Rg2 60. Bd3 Rg1 61. b5 Be1 62. Kh3 Bxg3 63. Rxg3 Rh1+ 64. Kg2 Rh4 65. Rh3 1-0